000 01951cam a2200529 i 4500
001 25389
003 KOSZ 005
005 20250730133835.0
008 250730s1971 pl a f 001 0 pol
015 _aPB 1972/261
035 _a991034747959705066
035 _a(PL-WaBN)b19351550-48omnis_nlop
035 _ab19351550
035 _a(OCoLC)749579780
035 _azz2006803863
035 _a(PL)b0000001935155
035 _a(EXLNZ-48OMNIS_NETWORK)9910504488105606
040 _aWA N
_cWA N
_dKOSZ 005/RW
046 _k1968
080 _a621.01
080 _a62-2
080 _a(07)
100 1 _aFeld, Mieczysław
_d(1924-2012)
_eAutor
245 1 0 _aProjektowanie procesów technologicznych typowych części maszyn /
_cMieczysław Feld.
250 _aWydanie 2 przerobione i uzupełnione.
260 _aWarszawa :
_bWydawnictwa Naukowo-Techniczne,
_c1971.
300 _a478, [2] stron, [3] strony tablic :
_bilustracje ;
_c24 cm.
336 _aTekst
_btxt
_2rdacontent
337 _aBez urządzenia pośredniczącego
_bn
_2rdamedia
338 _aWolumin
_bnc
_2rdacarrier
380 _aKsiążki
380 _aPublikacje dydaktyczne
380 _aPublikacje naukowe
385 _mPoziom nauczania
_aSzkoły wyższe
388 1 _a1901-2000
388 1 _a1945-1989
504 _aBibliografia na stronie [473]. Indeks.
521 8 _aKsiążka jest przeznaczona dla techników i inżynierów technologów obróbki skrawaniem oraz może stanowić pomoc dla studentów wydziałów mechanicznych - technologicznych wyższych szkół technicznych.
650 7 _aMaszyny
650 7 _aProjektowanie
650 7 _aTechnologia
655 7 _aPodręcznik
658 _aInżynieria i technika
710 2 _aWydawnictwa Naukowo-Techniczne
_4pbl
856 _uhttp://koha.tu.koszalin.pl/cgi-bin/koha/opac-detail.pl?biblionumber=25389
_yKatalog online BPK
942 _2UKD
_cKS
999 _c25389
_d25389